| 000 | 00478nam a2200097Ia 4500 | ||
|---|---|---|---|
| 008 | 180130s9999 xx 000 0 und d | ||
| 245 |
_cCompton, Ryan; Lee, Craig; Xu, Jiejun; Artieda-Moncada, Luis; Lu, Tsai-Ching; De Silva, Lalindra; Macy, Michael _aUsing publicly visible social media to build detailed forecasts of civil unrest |
||
| 260 | _c2016 | ||
| 300 | _aBook title: Computer and information security--Acession number C20546; pages 143-152 | ||
| 650 | _aINFORMATION SECURITY | ||
| 999 |
_c354118 _d354118 |
||